| 000 | 00536 a2200241 4500 | ||
|---|---|---|---|
| 001 | 200041583 | ||
| 999 |
_c200041583 _d39272 |
||
| 003 | TR-AnTOB | ||
| 005 | 20190322122947.0 | ||
| 008 | 160507b19769999xxcbr0p 0 0 | ||
| 022 | _a0700-3021 | ||
| 040 | _aTR-AnTOB | ||
| 041 | _aeng | ||
| 050 | _aTR1-1050 | ||
| 090 | _aTR1-1050 | ||
| 099 | _aJOURNAL - PHOT Lİ | ||
| 130 | _aPhoto life. | ||
| 245 | 0 | _aPhoto life. | |
| 260 |
_aToronto: _bApex Publications, _c1976- |
||
| 300 |
_av. : _bill. ; _c28 cm. |
||
| 310 | _aBimonthly. | ||
| 942 | _cCR | ||